| 000 | 01391aam a2200433 i 4500 | ||
|---|---|---|---|
| 001 | 121437 | ||
| 005 | 20230404114353.0 | ||
| 008 | 230404s2016 enkk 000 0 eng c | ||
| 015 |
_aGBB7G9651 _2bnb |
||
| 016 | 7 |
_a018398565 _2Uk |
|
| 020 |
_a9780414054783 _qpaperback |
||
| 035 | _a(WlAbNL)99762137002419 | ||
| 035 | _a(UK-WkNB)9780414054783 | ||
| 035 | _a(StEdALDL)1/3522711 | ||
| 035 | _a(UkOxU)020944128 | ||
| 035 | _a(Uk)018398565 | ||
| 040 | _aUk | ||
| 041 | _aeng | ||
| 042 | _aukscp | ||
| 082 | 0 | 4 | _a343.41078624 |
| 245 | 0 | 0 |
_aJCT: Intermediate sub-contract agreement 2016 _bICSub/A 2016 |
| 246 | 3 | 0 | _aIntermediate sub-contract agreement 2016 |
| 246 | 1 | _aICSub/A 2016 | |
| 264 | 1 |
_aLondon : _bThomson Reuters (Professional) UK Limited, trading as Sweet & Maxwell, _c2016. |
|
| 300 |
_aii, 24 pages : _bforms ; _c30 cm. |
||
| 336 |
_atext _btxt _2rdacontent |
||
| 337 |
_aunmediated _bn _2rdamedia |
||
| 338 |
_avolume _bnc _2rdacarrier |
||
| 490 | 1 | _aJCT Contracts 2016 | |
| 500 | _aAt head of title: JCT. | ||
| 610 | 2 | 0 | _aJoint Contracts Tribunal. |
| 650 | 0 |
_aConstruction contracts _zGreat Britain. |
|
| 650 | 0 |
_aBuildings _xContracts and specifications _zGreat Britain. |
|
| 651 | _aUnited Kingdom | ||
| 710 | 2 | _aJoint Contracts Tribunal. | |
| 830 | 0 |
_aIntermediate building contract. _f2016. |
|
| 942 | _n0 | ||
| 999 |
_c121437 _d121437 |
||